Name Dropping #35: “Super” Actors #7 - Statistics

General Stats
  • This quiz has been taken 77 times
  • The average score is 10 of 20
Answer Stats
Hint Extra Hint Answer % Correct
Christian Film: Batman in “Batman Begins” (2005); “The Dark Knight” (2008); “The Dark Knight Rises” (2012). Gorr the God Butcher in “Thor: Love and Thunder” (2022). Bale
94%
Jessica Film: Invisible Woman in “Fantastic Four” (2005); “Fantastic Four: Rise of the Silver Surfer” (2007). Alba
87%
Jack Film: Joker in “Batman” (1989). Nicholson
87%
Willem Film: Green Goblin in “Spider-Man 3” (2007); “Spider-Man: No Way Home” (2021). Dafoe
84%
Tilda Film: Ancient One in “Doctor Strange” (2016); “Avengers: Endgame” (2019). Swinton
84%
Adam Film: Batman in “Batman” (1966). TV: Batman in “Batman” (120 episodes, 1966–1968, ABC) West
77%
James Film: Cyclops in “X-Men” (2000); “X2” (2003); “X-Men: The Last Stand” (2006); “X-Men: Days of Future Past” (2014). Marsden
65%
David Film: Red Guardian in “Black Widow” (2021). Harbour
55%
Paul Film: Riddler in “The Batman” (2022). Dano
52%
David TV: Kilgrave in “Jessica Jones” (13 episodes, 2015/2018, Netflix). Tennant
48%
Ben Film: Angel in “X-Men: The Last Stand” (2006). Foster
45%
Julian Film: Doctor Doom in “Fantastic Four” (2005); “Fantastic Four: Rise of the Silver Surfer” (2007). McMahon
45%
Shelley TV: Ma Parker in “Batman” (2 episodes, 1966–1967, ABC). Winters
45%
Dane Film: Green Goblin in “The Amazing Spider-Man 2” (2014). DeHaan
35%
Serinda TV: Zatanna in “Smallville” (3 episodes, 2009–2010, The CW). Medusa in “Inhumans” (8 episodes, 2017, ABC). Swan
23%
Tahyna Film: Emma in “X-Men Origins: Wolverine” (2009). Tozzi
23%
Don Film: Gilgamesh in “Eternals” (2021); “Thor: Love and Thunder” (2022). Lee
19%
Casey Elizabeth TV: Catwoman in “Birds of Prey” (1 episode, 2018, The WB). Easlick
16%
David TV: Mr. Immortal in “She-Hulk: Attorney at Law” (1 episode, 2022, Disney+). Pasquesi
16%
Lili TV: Catwoman in “Gotham” (1 episode, 2019, Fox) Simmons
16%
No matching quizzes found
Score Distribution
Percent of People with Each Score
Percentile by Number Answered
Your Score History
You have not taken this quiz